Matemática moderna para profesores de enseñanza elemental
Shranjeno v:
| Korporativna značnica: | |
|---|---|
| Format: | Knjiga |
| Jezik: | španščina |
| Izdano: |
Madrid
Santillana
1976
|
| Serija: | Aula XXI. Educación Abierta
|
| Teme: | |
| Oznake: |
Označite
Brez oznak, prvi označite!
|
MARC
| LEADER | 00000nam a2200000 a 4500 | ||
|---|---|---|---|
| 001 | UCZ0613 | ||
| 003 | CL-VaPUC | ||
| 008 | 950804e19760000SP |||||||||||||||||spa|d | ||
| 082 | 0 | 4 | |a 372.7 |b NAT |2 21 |
| 110 | 2 | |a National Council of Teachers of Mathematics, U.S.A |e author |9 343632 | |
| 245 | 1 | 0 | |a Matemática moderna para profesores de enseñanza elemental |
| 300 | |a 261 p | ||
| 942 | |c BK | ||
| 945 | |d 19950804 00:00:00 |a mfernand | ||
| 260 | |a Madrid |b Santillana |c 1976 | ||
| 650 | 0 | |a Matemática |9 260235 | |
| 650 | 0 | |a Matemáticas |x Enseñanza |9 875527 | |
| 650 | 0 | |a Números |9 265328 | |
| 650 | 0 | |a Aritmética |9 270049 | |
| 650 | 0 | |a Adición (suma) |9 343634 | |
| 650 | 7 | |a SUBSTRACCION |2 CL-VaPUC |9 343635 | |
| 650 | 7 | |a MULTIPLICACION |2 CL-VaPUC |9 343636 | |
| 650 | 7 | |a DIVISION |2 CL-VaPUC |9 343637 | |
| 650 | 0 | |a Algoritmos |9 260639 | |
| 583 | |a last modification |c 20120903 11:49:44 |k Rodrigo Vera | ||
| 490 | 0 | |a Aula XXI. Educación Abierta | |
| 999 | |c 237527 |d 237525 | ||
| 952 | |0 0 |1 0 |4 0 |6 372_700000000000000_NAT_1976 |7 0 |8 P |9 246794 |a BIBEDU |b BIBEDU |c BIBEDU_PB |d 2019-11-18 |i 1549936 |o 372.7 NAT 1976 |p 1549936 |r 2024-01-25 |w 2019-11-18 |y BK |k EDU | ||